000
00334nam a2200157Ia 4500
005
20250603145246.0
008
250603s9999 xx 000 0 und d
050
_a
KP 35 .E73/
245
0
_a
Laws of Enugu State
260
_a
Enugu
260
_b
EL”Demak
260
_c
2004
300
_a
882 p
650
_a
Enugu
942
_c
BK
999
_c
41338
_d
41338